000 00810nas a2200265 4500
001 BR0901780
003 BR-BrBNA
005 20231205112632.0
007 ta
008 230509b bl.|||p| |||| 00| 00por d
040 _aBR-BrBNA
_bpor
_cBiblioteca Nacional de Agricultura
041 _a(Pt)
072 _aP36
100 1 _aVashchenko, Y.
100 1 _aBiondi, D.
100 1 _aFavaretto, N.
245 1 _aErosão causada pela prática do montanhismo na trilha para os picos Camapuã e Tucum, Campina Grande do Sul, PR
650 _aEROSÃO DO SOLO
650 _aTURISMO RURAL
650 _aCOBERTURA VEGETAL
650 _aPARANÁ
773 0 _tFloresta (Brazil)
_xISSN 0015-3826
_g(Jan-Mar 2008), v. 38(1) p. 71-87
_wBR0901780
909 _a202311
_bLúcia
_c55
_dLúcia Elande
942 _2AGRIS
_n0
_cANA
999 _c199102
_d199102